| 000 | 00000nam##2200000za#4500 |
| 001 | 9.643105 |
| 003 | CaOODSP |
| 005 | 20210624224020 |
| 007 | cr ||||||||||| |
| 008 | 150407|2003||||xxc|||||o f|0| 0 fre|d |
| 040 | |aCaOODSP|bfre |
| 043 | |an-cn--- |
| 086 | 1 |aEn14-159/2003F-PDF |
| 110 | 1 |aCanada. |bEnvironnement Canada. |
| 245 | 10|aLes débris ligneux grossiers / |h[ressource électronique]|c[publié par le Partenariat en vue de la surveillance des écosystèmes du RÉSÉ]. |
| 260 | |aOttawa - Ontario : |bEnvironnement Canada |c[Juin 2003]. |
| 300 | |a5p.|bfigures, références, tableaux |
| 590 | |a14-21-Supp|b2014-12-11 |
| 691 | 07|aBiodégradation|2gcpds |
| 691 | 07|aForêt|2gcpds |
| 691 | 07|aGestion de l'environnement|2gcpds |
| 775 | 08|tDowned woody debris / |w(CaOODSP)9.699065 |
| 856 | 40|ahttp://publications.gc.ca|qPDF|s242 Ko|uhttps://publications.gc.ca/collections/collection_2014/ec/En14-159-2003-fra.pdf |